LIBRARY ONLINE CATALOGUE

Dictionary of psychology / (Record no. 15292)

MARC details
000 -LEADER
fixed length control field 00579nam a22002052 4500
001 - CONTROL NUMBER
control field 0000023690
005 - DATE AND TIME OF LATEST TRANSACTION
control field 20151217161203.0
008 - FIXED-LENGTH DATA ELEMENTS--GENERAL INFORMATION
fixed length control field 130318s xx 000 0 eng d
020 ## - INTERNATIONAL STANDARD BOOK NUMBER
International Standard Book Number 8177640305 :
040 ## - CATALOGING SOURCE
Original cataloging agency KABU
Transcribing agency KABU
100 1# - MAIN ENTRY--PERSONAL NAME
Personal name Basavanna, M.
-- 0000183337
245 10 - TITLE STATEMENT
Title Dictionary of psychology /
Statement of responsibility, etc. M. Basavanna.
250 ## - EDITION STATEMENT
Edition statement 1st ed.
260 ## - PUBLICATION, DISTRIBUTION, ETC. (IMPRINT)
Place of publication, distribution, etc. New Delhi :
Name of publisher, distributor, etc. Allied,
Date of publication, distribution, etc. 2000.
300 ## - PHYSICAL DESCRIPTION
Extent 467 p.
650 #0 - SUBJECT ADDED ENTRY--TOPICAL TERM
Topical term or geographic name as entry element Psychology
Form subdivision Dictionaries.
-- 0000160548
852 1# - LOCATION
-- p1450 KES
908 ## - PUT COMMAND PARAMETER (RLIN)
Put command parameter 130318
950 ## - LOCAL HOLDINGS (RLIN)
-- 1
Holdings
Withdrawn status Lost status Source of classification or shelving scheme Not for loan Home library Current library Date acquired Total Checkouts Full call number Barcode Date last seen Price effective from Koha item type
    Library of Congress Classification Not For Loan Kabarak, Main Campus Kabarak, Main Campus 17/12/2015   BF31 .B37 2000 c. 1 014567 17/12/2015 17/12/2015 Reference